| 000 | 01292cam a2200337 a 4500 | ||
|---|---|---|---|
| 001 | 2139 | ||
| 003 | BD-RjUL | ||
| 005 | 20211208233506.0 | ||
| 008 | 131210s1992 flua b s011 0 eng d | ||
| 020 | _a0813011167 (v. 1 : pbk. : acidfree paper) | ||
| 020 | _a0813011159 (v. 1 : acidfree paper) | ||
| 020 | _a0813011175 (v. 2 : acidfree paper) | ||
| 020 | _a0813011183 (v. 2 : pbk. : acidfree paper) | ||
| 035 | _a(BD-RjUL)2166 | ||
| 040 |
_aDLC _cDLC _dDLC _dBD-RjUL _beng |
||
| 041 | _aeng | ||
| 082 | 0 | 0 |
_a301 _220 _bDIA 1992 |
| 245 | 0 | 0 |
_aDialectical anthropology : _bessays in honor of Stanley Diamond / _cedited by Christine Ward Gailey. |
| 260 |
_aGainesville : _bUniversity Press of Florida, _cc1992. |
||
| 300 |
_a1 v. [xvi, 367p.] : _bill. ; _c24 cm. |
||
| 504 | _aIncludes bibliographical references and indexes. | ||
| 505 | 0 | _av. 1. Civilization in crisis : anthropological perspectives -- v. 2. The politics of culture and creativity : a critique of civilization. | |
| 600 | 1 | 0 |
_aDiamond, Stanley, _d1922- _97414 |
| 650 | 0 |
_aPolitical anthropology. _97016 |
|
| 650 | 0 |
_aMarxist anthropology. _97017 |
|
| 700 | 1 |
_aDiamond, Stanley, _d1922- _97018 |
|
| 700 | 1 |
_aGailey, Christine Ward, _d1950- _97019 |
|
| 942 |
_2ddc _cBK |
||
| 999 |
_c2139 _d2139 |
||